| 000 | 00840nam a2200229Ia 4500 | ||
|---|---|---|---|
| 001 | 22207 | ||
| 003 | GE_BSU | ||
| 008 | 181216s||||||||xx |||||||||||||| ||und|| | ||
| 040 | _cGE_BSU | ||
| 245 | _aРеферативный журнал. Экономика промышленности. №12. 2017 | ||
| 245 | _bЭкономика агропромышленного комплекса | ||
| 245 | _cГл.ред.Минакир П.А. | ||
| 260 | _aМосква | ||
| 260 | _bВинити | ||
| 260 | _c2017 | ||
| 300 | _a19 стр. 30см. | ||
| 653 | _aПериодика | ||
| 653 | _aРеферативный журнал. Экономика промышленности. №12. 2017 | ||
| 653 | _aЭкономика агропромышленного комплекса | ||
| 653 | _aპერიოდიკა | ||
| 942 | _cCR | ||
| 999 |
_c55132 _d55132 |
||